[Event "Seoul op"]
[Site "Seoul"]
[Date "2008.12.04"]
[Round "8"]
[White "Kim, Alexey"]
[Black "Zinmar, Min Than"]
[Result "1-0"]
[WhiteElo "2481"]
[BlackElo "2091"]
[PlyCount "77"]
[EventDate "2008.12.01"]
[EventType "swiss"]
[EventRounds "9"]
[EventCountry "KOR"]
[SourceTitle "EXT 2010"]
[Source "ChessBase"]
[SourceDate "2010.11.25"]
[SourceVersion "1"]
[SourceVersionDate "2010.11.25"]
[SourceQuality "1"]

1. e4 e5 2. Nf3 Nc6 3. Bc4 Bc5 4. c3 Nf6 5. d3 d6 6. Bb3 0-0 7. Nbd2 Bg4 8. h3 Be6 9. Qe2 Qd7 10. Nf1 Rfe8 11. Ng3 d5 12. Bg5 dxe4 13. dxe4 Bxb3 14. axb3 Qe6 15. b4 Bb6 16. 0-0 h6 17. Bc1 Rad8 18. Nf5 Ne7 19. N3h4 c5 20. b5 c4 21. Ra4 Rd3 22. Be3 Nxf5 23. Nxf5 Nxe4 24. Qg4 Ng5 25. h4 e4 26. hxg5 h5 27. Qf4 Rd5 28. Nd4 Bxd4 29. Bxd4 Rxb5 30. Rxa7 Rxb2 31. Rfa1 Kh7 32. Ra8 Re7 33. Qb8 Kg6 34. Qh8 Kf5 35. Qxg7 Qc6 36. Qh8 Kxg5 37. Qg7+ Kf5 38. Qf8 Rd7 39. Qc8 1-0

[Event "Seoul op"]
[Site "Seoul"]
[Date "2008.12.02"]
[Round "3"]
[White "Zinmar, Min Than"]
[Black "Ehlvest, Jaan"]
[Result "0-1"]
[WhiteElo "2091"]
[BlackElo "2581"]
[PlyCount "94"]
[EventDate "2008.12.01"]
[EventType "swiss"]
[EventRounds "9"]
[EventCountry "KOR"]
[SourceTitle "EXT 2010"]
[Source "ChessBase"]
[SourceDate "2010.11.25"]
[SourceVersion "1"]
[SourceVersionDate "2010.11.25"]
[SourceQuality "1"]

1. e4 g6 2. d4 d6 3. Nf3 Bg7 4. c3 Nd7 5. Bd3 e6 6. Bg5 Ne7 7. Qd2 h6 8. Be3 b6 9. Qe2 Bb7 10. Nbd2 a6 11. h3 0-0 12. 0-0 f5 13. exf5 gxf5 14. Bf4 Rf6 15. Bg3 Ng6 16. Rae1 Ndf8 17. Nh4 Qd7 18. f4 b5 19. Bc2 Nxh4 20. Bxh4 Rg6 21. Nf3 Kh8 22. Kh2 Bd5 23. b3 Qc6 24. Qe3 a5 25. Be7 Bf6 26. Bxf6+ Rxf6 27. Rg1 Bxf3 28. gxf3 Ng6 29. Rg3 Rg8 30. Reg1 Rg7 31. h4 Rg8 32. Qd2 Qa8 33. h5 Ne7 34. Rxg8+ Nxg8 35. Qe2 Qd8 36. Rg6 Rxg6 37. hxg6 Nf6 38. Kh1 Kg7 39. c4 bxc4 40. Qxc4 Qd7 41. d5 Qd8 42. Qb5 Nxd5 43. Kg1 Nxf4 44. Qf1 Qg5+ 45. Kf2 Qh4+ 46. Ke3 Nd5+ 47. Kd3 Nb4+ 0-1

[Event "Seoul op"]
[Site "Seoul"]
[Date "2008.12.01"]
[Round "2"]
[White "Petronic, Jovan"]
[Black "Zinmar, Min Than"]
[Result "1/2-1/2"]
[WhiteElo "2405"]
[BlackElo "2091"]
[PlyCount "128"]
[EventDate "2008.12.01"]
[EventType "swiss"]
[EventRounds "9"]
[EventCountry "KOR"]
[SourceTitle "EXT 2010"]
[Source "ChessBase"]
[SourceDate "2010.11.25"]
[SourceVersion "1"]
[SourceVersionDate "2010.11.25"]
[SourceQuality "1"]

1. d4 d5 2. c4 c6 3. Nf3 Nf6 4. e3 Bf5 5. Nc3 e6 6. Bd3 dxc4 7. Bxc4 Bb4 8. 0-0 Nbd7 9. Qe2 0-0 10. e4 Bg4 11. Rd1 Qa5 12. e5 Nd5 13. Ne4 Be7 14. h3 Bxf3 15. Qxf3 Rfd8 16. Bg5 N7b6 17. Bxd5 Nxd5 18. Bxe7 Nxe7 19. Nd6 Rf8 20. Nxb7 Qb4 21. Qb3 Qxb3 22. axb3 Rfb8 23. Nc5 Rb4 24. Ra6 Nf5 25. Rxc6 Rxd4 26. Rxd4 Nxd4 27. Rd6 Nb5 28. Rd7 Kf8 29. Rb7 Nd4 30. Ne4 Nc6 31. f4 a5 32. Nd6 Nd8 33. Rc7 Rb8 34. Rc8 Rxc8 35. Nxc8 Nc6 36. Kf2 Nd4 37. Ke3 Nxb3 38. Kd3 h5 39. Nd6 Ke7 40. g3 f6 41. Nc4 Kd7 42. Kc3 Nc5 43. Kd4 Nb3+ 44. Kc3 Nc5 45. exf6 gxf6 46. Kd4 Nb3+ 47. Kc3 Nc5 48. Kd4 Nb3+ 49. Kc3 Nc5 50. g4 hxg4 51. hxg4 a4 52. Kd4 Nb3+ 53. Ke4 Nc5+ 54. Kd4 Nb3+ 55. Ke3 Nc5 56. g5 fxg5 57. fxg5 Ke7 58. Kd4 Nb3+ 59. Kc3 Nc5 60. Kd4 Nb3+ 61. Ke5 Nc5 62. Kd4 Nb3+ 63. Kd3 Kf7 64. Ne5+ Kg7 1/2-1/2

[Event "Singapore Masters 3rd"]
[Site "Singapore"]
[Date "2006.12.29"]
[Round "8"]
[White "Zinmar, Min Than"]
[Black "Lee TH, Bryan"]
[Result "1/2-1/2"]
[WhiteElo "2231"]
[BlackElo "1908"]
[PlyCount "72"]
[EventDate "2006.12.26"]
[EventType "swiss"]
[EventRounds "9"]
[EventCountry "SIN"]
[SourceTitle "CBM 116 Extra"]
[Source "ChessBase"]
[SourceDate "2007.03.07"]
[SourceVersion "1"]
[SourceVersionDate "2007.03.07"]
[SourceQuality "1"]

1. e4 c5 2. Nf3 d6 3. Bb5+ Bd7 4. Bxd7+ Qxd7 5. 0-0 Nc6 6. c3 Nf6 7. Re1 g6 8. d4 cxd4 9. cxd4 Bg7 10. Nc3 0-0 11. Bg5 Rac8 12. Qd2 Rfd8 13. Rac1 a6 14. Na4 Rb8 15. Nb6 Qe8 16. d5 Ne5 17. Nxe5 dxe5 18. Qb4 Qb5 19. Qxb5 axb5 20. Rc7 Rd6 21. Nc8 Rd7 22. Rxd7 Nxd7 23. Nxe7+ Kf8 24. d6 Ra8 25. Rc1 f6 26. Be3 Rxa2 27. g3 Kf7 28. b4 Ke6 29. Nc8 Bf8 30. Bc5 Ra8 31. Be3 Bxd6 32. Nxd6 Kxd6 33. Rd1+ Kc6 34. Rc1+ Kd6 35. Rd1+ Kc6 36. Rc1+ Kd6 1/2-1/2

[Event "Singapore Masters 3rd"]
[Site "Singapore"]
[Date "2006.12.28"]
[Round "5"]
[White "Soon, Wai Cheong"]
[Black "Zinmar, Min Than"]
[Result "1-0"]
[WhiteElo "2046"]
[BlackElo "2231"]
[PlyCount "77"]
[EventDate "2006.12.26"]
[EventType "swiss"]
[EventRounds "9"]
[EventCountry "SIN"]
[SourceTitle "CBM 116 Extra"]
[Source "ChessBase"]
[SourceDate "2007.03.07"]
[SourceVersion "1"]
[SourceVersionDate "2007.03.07"]
[SourceQuality "1"]

1. e4 c5 2. Nf3 Nc6 3. Bb5 d6 4. 0-0 Bd7 5. Re1 Nf6 6. c3 a6 7. Bf1 Bg4 8. h3 Bh5 9. d3 e6 10. Nbd2 Be7 11. a4 0-0 12. g4 Bg6 13. Qe2 Qc7 14. Bg2 b5 15. Nh4 Nd7 16. Nxg6 hxg6 17. f4 b4 18. Nf3 bxc3 19. bxc3 Rab8 20. Be3 Rb3 21. Qc2 Rfb8 22. Rab1 Qb6 23. Nd2 Rb2 24. Rxb2 Qxb2 25. Rc1 Na5 26. d4 c4 27. Bf1 d5 28. exd5 exd5 29. Bg2 Qa3 30. Bxd5 Rb2 31. Qxg6 Nf6 32. Qxf7+ Kh8 33. Bf3 Qa2 34. Qxe7 Rxd2 35. g5 Qb2 36. Bxd2 Qxd2 37. Rd1 Qxf4 38. gxf6 Qg3+ 39. Bg2 1-0

[Event "Singapore Masters 3rd"]
[Site "Singapore"]
[Date "2006.12.27"]
[Round "3"]
[White "Zinmar, Min Than"]
[Black "Tay, Li Jin Jeslin"]
[Result "1-0"]
[WhiteElo "2231"]
[BlackElo "2026"]
[PlyCount "63"]
[EventDate "2006.12.26"]
[EventType "swiss"]
[EventRounds "9"]
[EventCountry "SIN"]
[SourceTitle "CBM 116 Extra"]
[Source "ChessBase"]
[SourceDate "2007.03.07"]
[SourceVersion "1"]
[SourceVersionDate "2007.03.07"]
[SourceQuality "1"]

1. e4 c5 2. Nf3 d6 3. Bb5+ Nd7 4. d4 Ngf6 5. Nc3 a6 6. Be2 e6 7. 0-0 b5 8. Qd3 Bb7 9. Bg5 b4 10. Bxf6 Nxf6 11. e5 dxe5 12. dxe5 bxc3 13. exf6 Qxf6 14. bxc3 Be7 15. Rab1 Rd8 16. Qe3 Bc8 17. Rb6 0-0 18. Bxa6 Bxa6 19. Rxa6 Ra8 20. Rxa8 Rxa8 21. Ra1 Ra3 22. Ne5 Bd6 23. f4 g5 24. g3 Ra4 25. Ng4 Qe7 26. Nh6+ Kg7 27. fxg5 Ra7 28. Rf1 Qd8 29. h4 Qb8 30. Qf3 Be5 31. Nxf7 Rb7 32. Nxe5 1-0